[Event "AUTO-MASTER-3240"]
[Site "http://www.queenalice.com/game.php?id=1847967"]
[Date "2024.11.28"]
[Round "1"]
[White "chessman"]
[Black "Magnaroc"]
[Result "1-0"]
[WhiteElo "1971"]
[BlackElo "1805"]

1. e4 e5 2. Nf3 Nc6 3. Bb5 Nf6 4. O-O d6 5. d4 Bd7 6. dxe5 Nxe5 7. Bxd7+ Qxd7 8.
Nxe5 dxe5 9. Nc3 Qxd1 10. Rxd1 a6 11. Bg5 Be7 12. Bxf6 Bxf6 13. Nd5 O-O-O 14.
Nxf6 Rxd1+ 15. Rxd1 gxf6 16. Kf1 Rg8 17. c4 Rd8 18. Rxd8+ Kxd8 19. Ke2 Kd7 20.
Ke3 Kc6 21. b4 b5 22. c5 Kd7 23. Kf3 Ke7 24. Kg4 Kf8 25. Kf5 Kg7 26. g4 c6 27.
f3 1-0

[Event "AUTO-MASTER-3240"]
[Site "http://www.queenalice.com/game.php?id=1847968"]
[Date "2024.11.28"]
[Round "1"]
[White "Magnaroc"]
[Black "chessman"]
[Result "0-1"]
[WhiteElo "1818"]
[BlackElo "1982"]

1. e4 e6 2. d4 d5 3. e5 c5 4. dxc5 Bxc5 5. Nf3 Nc6 6. Bg5 Qb6 7. Be3 Bxe3 8.
fxe3 Qxb2 9. Nbd2 Nxe5 10. Nxe5 Qxe5 11. Bb5+ Bd7 12. Bxd7+ Kxd7 13. Nc4 Qc3+
14. Nd2 Qxe3+ 15. Qe2 Qxe2+ 16. Kxe2 Nf6 17. Rhb1 b6 18. a4 Rhc8 19. Rc1 Rc3 20.
Nf3 Kd6 21. h3 e5 22. a5 Rac8 23. axb6 axb6 24. Ra2 Ne4 25. Ne1 R8c7 26. Nd3 f6
27. Nb4 d4 28. Nd3 Nc5 29. Nxc5 bxc5 30. Rca1 Re3+ 31. Kf2 c4 32. Ra6+ Kd7 33.
Ra7 Rc3 34. Rxc7+ Kxc7 35. Ra7+ Kd6 36. Rxg7 Rxc2+ 37. Kf1 d3 0-1

[Event "AUTO-MASTER-3240"]
[Site "http://www.queenalice.com/game.php?id=1847983"]
[Date "2024.11.28"]
[Round "1"]
[White "Magnaroc"]
[Black "yy"]
[Result "0-1"]
[WhiteElo "1891"]
[BlackElo "1992"]

1. e4 e5 2. Nf3 d6 3. Nc3 g6 4. d4 exd4 5. Nxd4 Bg7 6. Bc4 Qf6 7. Be3 Bd7 8. Nd5
Qd8 9. c3 c6 10. Nf4 Ne7 11. Bxf7+ Kxf7 12. Qb3+ Ke8 0-1

[Event "AUTO-MASTER-3240"]
[Site "http://www.queenalice.com/game.php?id=1847984"]
[Date "2024.11.28"]
[Round "1"]
[White "yy"]
[Black "Magnaroc"]
[Result "1-0"]
[WhiteElo "1979"]
[BlackElo "1904"]

1. e4 e5 2. Nf3 Nc6 3. d4 exd4 4. Nxd4 Nf6 5. Bg5 Be7 6. Nxc6 dxc6 7. Nc3 O-O 8.
Be2 h6 9. Bf4 Bb4 10. O-O Bxc3 11. bxc3 Nxe4 12. Qxd8 Rxd8 13. Bxc7 Rd2 14. Bd3
Rxd3 15. cxd3 Nxc3 16. Rfe1 Be6 17. a4 Rc8 18. Ba5 Nd5 19. Bd2 a6 20. Be3 1-0

[Event "AUTO-ADV-4790"]
[Site "http://www.queenalice.com/game.php?id=1848218"]
[Date "2024.12.2"]
[Round "2"]
[White "Pin"]
[Black "Magnaroc"]
[Result "1-0"]
[WhiteElo "2109"]
[BlackElo "1858"]

1. e4 e5 2. Nf3 Nc6 3. Bb5 Nf6 4. d3 d6 5. O-O Bd7 6. c3 Be7 7. Re1 O-O 8. h3 a6
9. Ba4 h6 10. Nbd2 Re8 11. Nf1 Na7 12. Bc2 Bf8 13. a3 c5 14. Ne3 b5 15. d4 1-0

[Event "AUTO-ADV-4790"]
[Site "http://www.queenalice.com/game.php?id=1848219"]
[Date "2024.12.2"]
[Round "2"]
[White "Magnaroc"]
[Black "Pin"]
[Result "0-1"]
[WhiteElo "1852"]
[BlackElo "2113"]

1. e4 c5 2. Nf3 d6 3. d4 cxd4 4. Nxd4 Nf6 5. Nc3 a6 6. Be2 e6 7. O-O Be7 8. Re1
O-O 9. Bg5 Nbd7 10. a4 Qc7 11. Bxf6 Nxf6 12. Bf3 Bd7 13. h3 Rfd8 14. a5 Rac8 0-1

[Event "AUTO-ADV-4790"]
[Site "http://www.queenalice.com/game.php?id=1848220"]
[Date "2024.12.2"]
[Round "2"]
[White "Meckerkopp"]
[Black "Magnaroc"]
[Result "1-0"]
[WhiteElo "2017"]
[BlackElo "1790"]

1. e4 e5 2. Nf3 Nc6 3. Bb5 Nf6 4. Bxc6 dxc6 5. h3 Bd6 6. d3 h6 7. O-O O-O 8. a3
a5 9. Nc3 Re8 10. Ne2 b6 11. Be3 c5 12. Nd2 1-0

[Event "AUTO-ADV-4790"]
[Site "http://www.queenalice.com/game.php?id=1848221"]
[Date "2024.12.2"]
[Round "2"]
[White "Magnaroc"]
[Black "Meckerkopp"]
[Result "0-1"]
[WhiteElo "1783"]
[BlackElo "2024"]

1. e4 e5 2. Nf3 d6 3. d4 Bg4 4. Be2 Bxf3 5. Bxf3 c6 6. dxe5 Qa5+ 7. Nc3 Qxe5 8.
O-O Nf6 9. Re1 Be7 10. g3 g5 11. Be3 c5 0-1

[Event "AUTO-ADV-4827"]
[Site "http://www.queenalice.com/game.php?id=1852989"]
[Date "2025.2.26"]
[Round "2"]
[White "Capixaba789"]
[Black "Magnaroc"]
[Result "0-1"]
[WhiteElo "1882"]
[BlackElo "1845"]

1. e4 e5 2. Bc4 Be7 3. Nf3 d6 4. O-O Nf6 5. d4 O-O 6. Re1 Bg4 7. dxe5 Bxf3 8.
Qxf3 dxe5 9. Nc3 c6 10. Bd2 Nbd7 11. Rad1 Qc7 12. a3 b5 13. Ba2 a5 14. Be3 b4
15. Ne2 bxa3 16. bxa3 Bxa3 17. Ng3 Bb4 18. Bd2 Bxd2 19. Rxd2 Rab8 20. Nf5 Rfd8
21. Qg3 Nh5 22. Qg4 Ndf6 23. Rde2 Nxg4 0-1

[Event "AUTO-ADV-4827"]
[Site "http://www.queenalice.com/game.php?id=1852990"]
[Date "2025.2.26"]
[Round "2"]
[White "Magnaroc"]
[Black "Capixaba789"]
[Result "0-1"]
[WhiteElo "1866"]
[BlackElo "1907"]

1. e4 e5 2. f4 exf4 3. Bc4 d6 4. d4 Qh4+ 5. Kf1 Bg4 6. Ne2 f3 7. Nbc3 fxe2+ 8.
Bxe2 Qf6+ 9. Kg1 Bxe2 10. Nxe2 Nd7 11. h4 h5 12. Bg5 Qe6 13. Nc3 Be7 14. d5 Qg6
15. Qd2 f6 16. Be3 Nh6 17. Bxh6 Rxh6 18. Rf1 Ne5 19. Qe2 Ng4 20. Qb5+ Kf8 21.
Qxb7 Rd8 22. Qxa7 Rh8 23. Qxc7 Kf7 24. a4 Rhe8 25. Re1 Qh6 26. Nd1 Rc8 27. Qa7
Rxc2 28. b4 Qd2 29. Qxe7+ Rxe7 30. Re2 Qxd1+ 31. Re1 Qxe1# 0-1

[Event "AUTO-OPEN-4583"]
[Site "http://www.queenalice.com/game.php?id=1854327"]
[Date "2025.3.21"]
[Round "1"]
[White "game"]
[Black "Magnaroc"]
[Result "0-1"]
[WhiteElo "1479"]
[BlackElo "1790"]

1. e4 e5 2. Nf3 Nc6 3. d4 Nxd4 4. Nxe5 Bc5 5. Bc4 Ne6 6. Qg4 Nf6 7. Qg3 Nxe4 8.
Qf3 Nf6 9. O-O O-O 10. Qg3 d5 11. Rd1 Ne4 12. Qf3 Nxf2 13. Rd2 Nh3+ 14. Kf1 Neg5
15. Qb3 Qf6+ 16. Ke2 Qf2+ 17. Kd3 Qe3# 0-1

[Event "AUTO-OPEN-4583"]
[Site "http://www.queenalice.com/game.php?id=1854328"]
[Date "2025.3.21"]
[Round "1"]
[White "Magnaroc"]
[Black "game"]
[Result "1-0"]
[WhiteElo "1862"]
[BlackElo "1565"]

1. e4 d6 2. Nf3 e5 3. d4 f6 4. dxe5 f5 5. exf5 Bxf5 6. Bf4 Nh6 7. exd6 Bxd6 8.
Bxd6 Qxd6 9. Qxd6 cxd6 10. Nd4 O-O 11. Bc4+ Kh8 12. O-O Nc6 13. Nxf5 Nxf5 14. c3
Na5 15. Bd5 Ne7 16. Bf3 Rf4 17. b4 Nc4 18. Re1 Re8 19. Bxb7 Ref8 20. Bf3 g5 21.
Rxe7 Ne5 22. Nd2 Nd3 23. h3 R4f7 24. Rxf7 Rxf7 25. Ne4 Nf4 26. Nxd6 Rg7 27. Re1
Rc7 28. Re8+ Kg7 29. Rc8 Rd7 30. Rc6 h5 31. g3 Ne2+ 32. Kf1 Nxc3 33. Nf5+ Kf7
34. Bxh5+ Kg8 35. Rxc3 Rd1+ 36. Ke2 1-0